La logia lautarina y otros estudios sobre la independencia
Saved in:
| Hovedforfatter: | |
|---|---|
| Format: | Bog |
| Sprog: | spansk |
| Udgivet: |
Buenos Aires, Argentina
Francisco de Aguirre
1973
|
| Fag: | |
| Tags: |
Tilføj Tag
Ingen Tags, Vær først til at tagge denne postø!
|
MARC
| LEADER | 00000cam a2200000 a 4500 | ||
|---|---|---|---|
| 001 | UCO2003 | ||
| 003 | CL-VaPUC | ||
| 005 | 20231215105922.0 | ||
| 008 | 000602e19730000AG |||||||||||||||||spa|d | ||
| 999 | |c 288549 |d 288547 | ||
| 040 | |c Pontificia Universidad Católica de Valparaíso | ||
| 082 | 0 | 4 | |a 983.02 EYZ 1973 |2 21 |
| 100 | |a Eyzaguirre Gutiérrez, Jaime |e autor |9 584583 | ||
| 245 | 1 | 3 | |a La logia lautarina y otros estudios sobre la independencia |
| 260 | |a Buenos Aires, Argentina |b Francisco de Aguirre |c 1973 | ||
| 300 | |a 233 páginas | ||
| 583 | |a last modification |c 20170711 09:34:07 |k Rodrigo Vera | ||
| 650 | 0 | |a Historia de Chile |9 265473 | |
| 650 | 0 | |a Independencia |z CHILE |9 344246 | |
| 650 | 7 | |a SOCIEDADES SECRETAS |2 CL-VaPUC |9 321683 |z CHILE | |
| 852 | |a BIBCUR | ||
| 942 | |c BK |2 ddc | ||
| 945 | |d 20000602 00:00:00 |a crobeson | ||
| 952 | |0 0 |1 0 |2 ddc |4 0 |6 983_020000000000000_EYZ_1973 |7 0 |8 A |9 336293 |a BIBHIS |b BIBHIS |d 2019-11-20 |i 1277286 |o 983.02 EYZ 1973 |p 1277286 |r 2024-01-30 |t 2 |w 2019-11-20 |y BK |k HIS | ||
| 952 | |0 0 |1 0 |2 ddc |4 0 |6 983_020000000000000_EYZ_1973 |7 0 |8 A |9 336294 |a BIBHIS |b BIBHIS |d 2019-11-20 |i 1277294 |o 983.02 EYZ 1973 |p 1277294 |r 2024-01-30 |t 3 |w 2019-11-20 |y BK |k HIS | ||
| 952 | |0 0 |1 0 |2 ddc |4 0 |6 983_020000000000000_EYZ_1973 |7 0 |8 DER_HDC |9 336295 |a BIBDER |b BIBDER |d 2019-11-20 |i 3916898 |o 983.02 EYZ 1973 |p 3916898 |r 2023-01-25 |t 1 |w 2019-11-20 |x Ubicación 4to Piso |y BK |z Estos recursos deben solicitarse con anticipación |k DER | ||
| 952 | |0 0 |1 0 |2 ddc |3 erb |4 0 |6 983_020000000000000_EYZ_1973 |7 0 |8 A |9 336296 |a BIBHIS |b BIBHIS |i 5408342 |l 1 |o 983.02 EYZ 1973 |p 5408342 |r 2025-01-20 |s 2022-06-03 |t 4 |w 2019-11-20 |y BK |z Catalogado en:20170713 |k HIS | ||